000 00796nam a2200265 i 4500
001 C2-0273194
003 PPAK
005 20210531123102.0
008 060809s2006 my a j | 0 may d
020 _a9679489523
_qpaperback
040 _aPPAK
_beng
_cPPAK
_erda
082 0 4 _a398.2
_223
090 0 0 _a398.2
_bHAK
_dK
100 0 _aHakimi Muhammad,
_eauthor.
245 1 0 _aCerita yang belum berakhir /
_cHakimi Muhammad
264 1 _aMelaka :
_bAssociated Educational Distributors,
_c2006
300 _a25 pages :
_billustrations ;
_c19 cm
336 _2rdacontent
_atext
337 _2rdamedia
_aunmediated
338 _2rdacarrier
_avolume
490 1 _aKoleksi cerita rakyat pertama
650 1 0 _aFolk literature, Malay.
830 0 _aKoleksi cerita rakyat pertama
942 _cB
_2ddc
999 _c81120
_d81120